[Event "RA-00174"]
[Site "LSS"]
[Date "2011.12.26"]
[Round "?"]
[White "Llorente Alvarez, Jose Luis"]
[Black "Schlotterbeck, Peter"]
[Result "1/2-1/2"]
[WhiteElo "2132"]
[BlackElo "2097"]
[PlyCount "98"]
[EventDate "2011.12.09"]
[SourceTitle "LSS to Dec2020"]
[Source "LSS ed TH"]
[SourceDate "2021.01.12"]
[SourceVersion "3"]
[SourceVersionDate "2021.01.12"]
[SourceQuality "1"]

1. e4 c5 2. Nf3 d6 3. d4 cxd4 4. Nxd4 Nf6 5. Nc3 Nc6 6. Be2 e5 7. Ndb5 a6 8.
Na3 b5 9. Nd5 Nxe4 10. Be3 Rb8 11. O-O Ne7 12. c4 b4 13. Nc2 Nxd5 14. cxd5 Be7
15. f3 Nf6 16. Ba7 Rb7 17. Bf2 a5 18. a3 bxa3 19. Nxa3 Bd7 20. Nc4 a4 21. Rxa4
Bxa4 22. Qxa4+ Kf8 23. Qc2 Qb8 24. f4 e4 25. Bd4 h5 26. Ra1 Qc8 27. Qa4 Kg8 28.
Ne3 Rc7 29. Qd1 Ng4 30. Bxg4 hxg4 31. b4 Bf6 32. Bxf6 gxf6 33. Qd4 Rc1+ 34. Kf2
Rxa1 35. Qxa1 Kg7 36. Kg3 Kg6 37. f5+ Kg7 38. Kf4 Qd8 39. Nxg4 e3 40. Kxe3 Qe7+
41. Kf4 Re8 42. Qd4 Qe5+ 43. Qxe5 fxe5+ 44. Kg5 Rb8 45. f6+ Kf8 46. Ne3 Rxb4
47. Nf5 Rb2 48. Nxd6 Rxg2+ 49. Kf5 Rxh2 1/2-1/2

[Event "14th Zeta Chess Club-ch"]
[Site "?"]
[Date "2011.12.24"]
[Round "?"]
[White "Vukcevic, Branimir"]
[Black "Vujacic, Igor"]
[Result "0-1"]
[WhiteElo "1932"]
[BlackElo "2169"]
[PlyCount "30"]
[EventDate "2011.??.??"]
[SourceTitle "OM OTB B 201907"]
[Source "Opening Master"]
[SourceDate "2019.07.06"]
[SourceVersion "2"]
[SourceVersionDate "2019.07.06"]
[SourceQuality "1"]

1. e4 c5 2. Nf3 Nc6 3. d4 cxd4 4. Nxd4 Nf6 5. Nc3 d6 6. Be2 e5 7. Nb3 Be7 8.
O-O O-O 9. Be3 a5 10. a4 Nb4 11. f3 Be6 12. f4 exf4 13. Bxf4 Nxc2 14. Nxa5 Nxa1
15. b4 Qb6+ 0-1

[Event "FICS rated standard game"]
[Site "FICS freechess.org"]
[Date "2011.12.23"]
[Round "?"]
[White "enriquef"]
[Black "JuniorLurking"]
[Result "1-0"]
[WhiteElo "2043"]
[BlackElo "2013"]
[PlyCount "107"]
[EventDate "2011.??.??"]

1. e4 c5 2. Nf3 Nc6 3. d4 cxd4 4. Nxd4 Nf6 5. Nc3 d6 6. Be2 e5 7. Nb3 Be7 8.
O-O Be6 9. Be3 O-O 10. a4 Qd7 11. a5 Ng4 12. Bxg4 Bxg4 13. Qd2 Rfc8 14. Nd5 Be6
15. f4 exf4 16. Bxf4 Kh8 17. Nxe7 Nxe7 18. Qxd6 Rxc2 19. Qxd7 Bxd7 20. Bd6 Nc8
21. Be5 Be8 22. Nd4 Rc5 23. Bg3 Ne7 24. Bd6 Rc4 25. Rad1 Nc6 26. Nxc6 Rxc6 27.
b4 Rc2 28. Rf2 Rc4 29. e5 Rd8 30. h3 Rxb4 31. Rc1 Rb5 32. Rc7 Rxa5 33. Rxb7
Ra1+ 34. Kh2 a5 35. e6 Rxd6 36. exf7 Bxf7 37. Rfxf7 h5 38. Rxg7 Rc1 39. Rh7+
Kg8 40. Rxh5 a4 41. Ra5 Rc8 42. Rxa4 Rd2 43. h4 Rd5 44. Kh3 Rd2 45. h5 Rd5 46.
g4 Kh8 47. Kh4 Rd1 48. Ra6 Rh1+ 49. Kg5 Rg8+ 50. Rg6 Rc8 51. Kh6 Rxh5+ 52. gxh5
Rc7 53. Rb8+ Rc8 54. Rxc8# 1-0

[Event "Tenerife op 22nd"]
[Site "Santa Cruz de Tenerife"]
[Date "2011.12.19"]
[Round "2"]
[White "Evora Brondo, Jose Luis"]
[Black "Meneses Gonzalez, Kevin Moises"]
[Result "0-1"]
[WhiteElo "1922"]
[BlackElo "2248"]
[PlyCount "97"]
[EventDate "2011.12.18"]
[EventType "swiss"]
[EventRounds "9"]
[EventCountry "ESP"]
[SourceTitle "OM OTB B 201907"]
[Source "Opening Master"]
[SourceDate "2019.07.06"]
[SourceVersion "2"]
[SourceVersionDate "2019.07.06"]
[SourceQuality "1"]

1. e4 c5 2. Nf3 d6 3. d4 cxd4 4. Nxd4 Nf6 5. Nc3 Nc6 6. Be2 e5 7. Nf3 Be7 8.
O-O O-O 9. h3 Nb8 10. Bg5 Nbd7 11. Qd2 Nc5 12. Qe3 Be6 13. Rfd1 Ne8 14. Rd2 a6
15. Rad1 Bxg5 16. Nxg5 Qe7 17. Nd5 Bxd5 18. Rxd5 Rd8 19. b4 Ne6 20. Nxe6 fxe6
21. R5d2 Nf6 22. Bf3 Rd7 23. a4 Rc8 24. c3 a5 25. bxa5 Rc5 26. Be2 d5 27. exd5
exd5 28. f3 Rdc7 29. Bb5 Rxc3 30. Rd3 d4 31. Qe1 Nd5 32. Rxc3 Rxc3 33. Rd3 Rc7
34. a6 bxa6 35. Bxa6 Nb4 36. Qe4 Nxd3 37. Bxd3 g6 38. Qd5+ Kg7 39. Qe4 Qg5 40.
a5 Rc1+ 41. Kf2 Qd2+ 42. Kg3 Qxa5 43. f4 Qe1+ 44. Kf3 Qxe4+ 45. Kxe4 Re1+ 46.
Kd5 Re3 47. Bb5 d3 48. fxe5 d2 49. Ba4 0-1

[Event "BL2 West 1112 (Women)"]
[Site "Germany"]
[Date "2011.12.18"]
[Round "5.2"]
[White "Laake, Jasmin Maria"]
[Black "Rath, Alina"]
[Result "0-1"]
[WhiteElo "2045"]
[BlackElo "1973"]
[PlyCount "68"]
[EventDate "2011.10.29"]
[EventType "team-tourn"]
[EventRounds "7"]
[EventCountry "GER"]
[SourceTitle "OM OTB B 201907"]
[Source "Opening Master"]
[SourceDate "2019.07.06"]
[SourceVersion "2"]
[SourceVersionDate "2019.07.06"]
[SourceQuality "1"]

1. e4 c5 2. Nf3 d6 3. d4 cxd4 4. Nxd4 Nf6 5. Nc3 Nc6 6. Be2 e5 7. Nf3 h6 8. O-O
Be7 9. Re1 O-O 10. h3 Be6 11. Bf1 Rc8 12. Nd5 Nb8 13. c4 Nxd5 14. cxd5 Bd7 15.
Qb3 b6 16. Bd2 Kh8 17. a4 f5 18. exf5 Bxf5 19. a5 Nd7 20. axb6 axb6 21. Qa3 Nf6
22. Nh4 Bh7 23. Qg3 g5 24. Bxg5 hxg5 25. Qxg5 Rg8 26. Qh6 Bf8 27. Qd2 Rc2 28.
Qd1 Nxd5 29. Bd3 Qxh4 30. Bxc2 Rxg2+ 31. Kxg2 Nf4+ 32. Kg1 Nxh3+ 33. Kg2 Nf4+
34. Kg1 Qg5+ 0-1

[Event "FRA-chT U20 1112"]
[Site "France"]
[Date "2011.12.18"]
[Round "5"]
[White "Bandet, Raphael"]
[Black "Dumas, Charles"]
[Result "0-1"]
[WhiteElo "1876"]
[BlackElo "1868"]
[PlyCount "102"]
[EventDate "2011.12.03"]
[EventType "team-swiss"]
[EventRounds "7"]
[EventCountry "FRA"]
[SourceTitle "OM OTB B 201907"]
[Source "Opening Master"]
[SourceDate "2019.07.06"]
[SourceVersion "2"]
[SourceVersionDate "2019.07.06"]
[SourceQuality "1"]

1. e4 c5 2. Nf3 Nc6 3. d4 cxd4 4. Nxd4 Nf6 5. Nc3 d6 6. Be2 e5 7. Nb3 Be7 8.
Bg5 Nxe4 9. Nxe4 Bxg5 10. Nxd6+ Ke7 11. Ne4 Qxd1+ 12. Rxd1 Bh6 13. c3 f5 14.
Nd6 Rd8 15. Nxc8+ Raxc8 16. O-O g6 17. Nc5 b6 18. Nb7 Rxd1 19. Rxd1 e4 20. Nd6
Rd8 21. Nb5 Rxd1+ 22. Bxd1 Bc1 23. b4 Bd2 24. Bb3 Kf6 25. Bd5 Ne5 26. Nxa7 Bxc3
27. Nc8 Bd4 28. a4 Nd3 29. a5 Nxb4 30. Nxb6 Nxd5 31. Nxd5+ Ke6 32. Nc7+ Kd7 33.
Nb5 Bc5 34. a6 Kc6 35. a7 Kb7 36. a8=Q+ Kxa8 37. Nc7+ Kb7 38. Ne6 Be7 39. g4
fxg4 40. Kg2 Kc6 41. Nf4 Bd6 42. Ne6 Kd5 43. Ng5 h5 44. h3 Be7 45. Nf7 Ke6 46.
Nh8 Kf6 47. hxg4 hxg4 48. Kg3 Kg7 49. Nxg6 Kxg6 50. Kxg4 Bd6 51. f4 Kf6 0-1

[Event "Voronezh Region-ch"]
[Site "Voronezh"]
[Date "2011.12.14"]
[Round "5"]
[White "Sokolovsky, Victor"]
[Black "Provkin, Vladimir"]
[Result "1/2-1/2"]
[WhiteElo "2037"]
[BlackElo "2233"]
[PlyCount "72"]
[EventDate "2011.12.09"]
[EventType "swiss"]
[EventRounds "9"]
[EventCountry "RUS"]
[SourceTitle "OM OTB B 201907"]
[Source "Opening Master"]
[SourceDate "2019.07.06"]
[SourceVersion "2"]
[SourceVersionDate "2019.07.06"]
[SourceQuality "1"]

1. e4 c5 2. Nf3 d6 3. d4 Nf6 4. Nc3 cxd4 5. Nxd4 Nc6 6. Be2 e5 7. Nb3 Be7 8.
Be3 O-O 9. f3 Be6 10. Qd2 d5 11. exd5 Nxd5 12. Nxd5 Qxd5 13. O-O-O Qxd2+ 14.
Rxd2 Rfc8 15. Kb1 Nb4 16. Rhd1 a5 17. a3 Nxc2 18. Rxc2 Bxb3 19. Rxc8+ Rxc8 20.
Rd7 Bf8 21. Rxb7 Bc2+ 22. Ka2 a4 23. Bd2 g6 24. Bc3 Bg7 25. Bb5 h5 26. Ra7 Bb3+
27. Kb1 Rd8 28. Rd7 Rb8 29. Bd3 e4 30. Bxg7 exd3 31. Bf6 Re8 32. Kc1 Re1+ 33.
Kd2 Rd1+ 34. Ke3 g5 35. Rxd3 Rxd3+ 36. Kxd3 g4 1/2-1/2

[Event "Bogoroditsk 12"]
[Site "Bogoroditsk"]
[Date "2011.12.13"]
[Round "3"]
[White "Novikov, Maxim"]
[Black "Bernshteyn, Michael"]
[Result "1/2-1/2"]
[WhiteElo "2514"]
[BlackElo "2458"]
[PlyCount "54"]
[EventDate "2011.12.12"]
[EventType "tourn"]
[EventRounds "13"]
[EventCountry "RUS"]
[EventCategory "6"]
[SourceTitle "OM OTB B 201907"]
[Source "Opening Master"]
[SourceDate "2019.07.06"]
[SourceVersion "2"]
[SourceVersionDate "2019.07.06"]
[SourceQuality "1"]

1. e4 c5 2. Nf3 d6 3. d4 cxd4 4. Nxd4 Nf6 5. Nc3 Nc6 6. Be2 e5 7. Nf3 h6 8. O-O
Be7 9. Re1 O-O 10. h3 Be6 11. Bf1 Rc8 12. Nd5 Bxd5 13. exd5 Na5 14. b3 e4 15.
Nh2 Qd7 16. Bb2 Rfe8 17. c4 b6 18. Ng4 Nxg4 19. Qxg4 Qxg4 20. hxg4 Bg5 21. Bd4
Nb7 22. g3 Re7 23. f4 exf3 24. Rxe7 Bxe7 25. Re1 Bg5 26. Kf2 Nc5 27. Kxf3 a5
1/2-1/2

[Event "FRA-chT1A 1112"]
[Site "France"]
[Date "2011.12.11"]
[Round "5.8"]
[White "Marchadour, Emilie"]
[Black "Auvray, Honorine"]
[Result "1-0"]
[WhiteElo "1917"]
[BlackElo "1738"]
[PlyCount "43"]
[EventDate "2011.10.16"]
[EventType "team-tourn"]
[EventRounds "11"]
[EventCountry "FRA"]
[SourceTitle "OM OTB B 201907"]
[Source "Opening Master"]
[SourceDate "2019.07.06"]
[SourceVersion "2"]
[SourceVersionDate "2019.07.06"]
[SourceQuality "1"]

1. e4 c5 2. Nf3 Nc6 3. d4 cxd4 4. Nxd4 Nf6 5. Nc3 d6 6. Be2 e5 7. Nb3 Be7 8.
O-O O-O 9. Kh1 a6 10. f4 b5 11. Bf3 Bb7 12. Be3 exf4 13. Bxf4 Ne5 14. Nd5 Nxd5
15. exd5 Bf6 16. c3 Nxf3 17. Qxf3 Be5 18. Rad1 Rc8 19. Nd4 Rc5 20. Nf5 Qd7 21.
Bxe5 dxe5 22. Qg4 1-0

[Event "Voronezh Region-ch"]
[Site "Voronezh"]
[Date "2011.12.11"]
[Round "3"]
[White "Abramova, Yulia"]
[Black "Chernov, Vladimir E"]
[Result "1/2-1/2"]
[WhiteElo "2015"]
[BlackElo "2018"]
[PlyCount "54"]
[EventDate "2011.12.09"]
[EventType "swiss"]
[EventRounds "9"]
[EventCountry "RUS"]
[SourceTitle "OM OTB B 201907"]
[Source "Opening Master"]
[SourceDate "2019.07.06"]
[SourceVersion "2"]
[SourceVersionDate "2019.07.06"]
[SourceQuality "1"]

1. e4 c5 2. Nf3 Nf6 3. Nc3 Nc6 4. d4 cxd4 5. Nxd4 d6 6. Be2 e5 7. Nf3 h6 8. O-O
Be7 9. h3 Be6 10. Be3 O-O 11. Qd2 Nxe4 12. Nxe4 f5 13. Nxd6 Qxd6 14. Qc3 f4 15.
Rad1 Qb4 16. Bd2 e4 17. Ne5 Qxc3 18. Bxc3 Nxe5 19. Bxe5 f3 20. gxf3 exf3 21.
Bd3 Bxh3 22. Rfe1 Bf6 23. Bxf6 Rxf6 24. Kh2 Bf5 25. Bc4+ Kh8 26. Re7 Rb8 27.
Rg1 g5 1/2-1/2

[Event "Astrakhan Ritminform"]
[Site "Astrakhan"]
[Date "2011.12.11"]
[Round "2"]
[White "Prokopenko, Roman"]
[Black "Akhmedzhanov, Kamil"]
[Result "0-1"]
[WhiteElo "2027"]
[BlackElo "2266"]
[PlyCount "50"]
[EventDate "2011.12.10"]
[EventType "tourn"]
[EventRounds "9"]
[EventCountry "RUS"]
[SourceTitle "OM OTB B 201907"]
[Source "Opening Master"]
[SourceDate "2019.07.06"]
[SourceVersion "2"]
[SourceVersionDate "2019.07.06"]
[SourceQuality "1"]

1. e4 c5 2. Nf3 Nc6 3. d4 cxd4 4. Nxd4 Nf6 5. Nc3 d6 6. Be2 e5 7. Nb3 Be6 8.
Bg5 Be7 9. Qd2 a6 10. O-O-O Bxb3 11. cxb3 Nd4 12. Be3 Rc8 13. Bxd4 Nxe4 14. Qd3
exd4 15. Qxe4 dxc3 16. Rhe1 g6 17. Bc4 cxb2+ 18. Kb1 Rc7 19. h4 b5 20. Bd5 Kf8
21. h5 Bf6 22. Rh1 Qe7 23. Qd3 Qe5 24. hxg6 hxg6 25. Rhe1 Rc1+ 0-1

[Event "MVP-ch Seniors op 11th"]
[Site "Binz"]
[Date "2011.12.07"]
[Round "8.32"]
[White "Schirmer, Werner"]
[Black "Gebuhr, Guenter"]
[Result "1-0"]
[WhiteElo "1914"]
[BlackElo "1759"]
[PlyCount "95"]
[EventDate "2011.11.30"]
[EventType "swiss"]
[EventRounds "9"]
[EventCountry "GER"]
[SourceTitle "OM OTB B 201907"]
[Source "Opening Master"]
[SourceDate "2019.07.06"]
[SourceVersion "2"]
[SourceVersionDate "2019.07.06"]
[SourceQuality "1"]

1. e4 c5 2. Nf3 Nc6 3. d4 cxd4 4. Nxd4 Nf6 5. Nc3 d6 6. Be2 e5 7. Nf3 Be7 8.
O-O O-O 9. Bg5 a6 10. Bxf6 Bxf6 11. Nd5 Bg4 12. c3 Bxf3 13. Bxf3 b5 14. a4 Ra7
15. Be2 Rb7 16. axb5 axb5 17. Ra6 Nb8 18. Nxf6+ Qxf6 19. Rxd6 Qe7 20. Qd5 b4
21. Rd1 bxc3 22. bxc3 g6 23. Bb5 Rc8 24. c4 Rbc7 25. Rd8+ Kg7 26. Rxc8 Rxc8 27.
h3 Qc7 28. Kf1 f6 29. Ke2 Nc6 30. Bxc6 Qxc6 31. Qxc6 Rxc6 32. Rd7+ Kh6 33. Kd3
g5 34. Rd5 Kg6 35. c5 Kf7 36. Kc4 Ke6 37. Kb5 Rc8 38. Kb6 Rb8+ 39. Kc7 Rb4 40.
Rd6+ Ke7 41. Rd7+ Ke6 42. f3 h5 43. Rd6+ Ke7 44. Rb6 Rc4 45. c6 Rc2 46. Rb8
Rxg2 47. Rb7 Rc2 48. Kb8+ 1-0

[Event "Izhevsk Udmurtia-ch"]
[Site "Izhevsk"]
[Date "2011.12.05"]
[Round "5"]
[White "Novoselov, Alexander"]
[Black "Bronnikov, Konstantin"]
[Result "0-1"]
[WhiteElo "2059"]
[BlackElo "2233"]
[PlyCount "68"]
[EventDate "2011.12.02"]
[EventType "swiss"]
[EventRounds "11"]
[EventCountry "RUS"]
[SourceTitle "OM OTB B 201907"]
[Source "Opening Master"]
[SourceDate "2019.07.06"]
[SourceVersion "2"]
[SourceVersionDate "2019.07.06"]
[SourceQuality "1"]

1. e4 c5 2. Nf3 d6 3. d4 cxd4 4. Nxd4 Nf6 5. Nc3 Nc6 6. Be2 e5 7. Nb3 Be7 8.
O-O O-O 9. f4 a5 10. Be3 a4 11. Nd2 exf4 12. Rxf4 a3 13. b3 Qa5 14. Na4 Be6 15.
c4 Nd7 16. Nf1 Bf6 17. Rb1 Be5 18. Rf2 Nc5 19. Nxc5 dxc5 20. Bg4 Rad8 21. Qf3
Bxg4 22. Qxg4 Nb4 23. Rf5 f6 24. Rf2 Bb2 25. Bd2 Qb6 26. Ne3 Nxa2 27. Nf5 g6
28. Ne7+ Kf7 29. Nd5 Qe6 30. Qxe6+ Kxe6 31. Nc7+ Kf7 32. Nb5 Nb4 33. Nxa3 Bxa3
34. Bc3 Ke6 0-1

[Event "Valpovo op (Women) 14th"]
[Site "Valpovo"]
[Date "2011.12.03"]
[Round "4"]
[White "Blazeka, Mihaela"]
[Black "Djeno, Snjezana"]
[Result "0-1"]
[WhiteElo "1679"]
[BlackElo "2019"]
[PlyCount "84"]
[EventDate "2011.12.02"]
[EventType "swiss (rapid)"]
[EventRounds "7"]
[EventCountry "CRO"]
[SourceTitle "OM OTB B 201907"]
[Source "Opening Master"]
[SourceDate "2019.07.06"]
[SourceVersion "2"]
[SourceVersionDate "2019.07.06"]
[SourceQuality "1"]

1. e4 c5 2. Nf3 d6 3. d4 cxd4 4. Nxd4 Nc6 5. Nc3 Nf6 6. Be2 e5 7. Nb3 Be7 8.
Be3 O-O 9. O-O Be6 10. f4 exf4 11. Bxf4 d5 12. exd5 Nxd5 13. Nxd5 Bxd5 14. Bf3
Qb6+ 15. Kh1 Bc4 16. Re1 Rad8 17. Nd2 Be6 18. Qc1 Bh4 19. g3 Bf6 20. c3 Rd3 21.
Be4 Rd7 22. Qc2 h6 23. Rf1 Bh3 24. Bg2 Bxg2+ 25. Kxg2 Be5 26. Nc4 Qc5 27. Nxe5
Nxe5 28. Bxe5 Qxe5 29. Qf5 Rd2+ 30. Kg1 Qe3+ 31. Rf2 Rxb2 32. Qf3 Qb6 33. Kg2
Rxf2+ 34. Qxf2 Qa5 35. Rb1 Qd5+ 36. Kg1 Rd8 37. Qxa7 Qe4 38. Qxb7 Rd1+ 39. Rxd1
Qxb7 40. Rd2 Qf3 41. c4 Qe3+ 42. Rf2 Qc1+ 0-1

[Event "XXXII Memorial Edoardo Crespi A"]
[Site "Milano ITA"]
[Date "2011.12.03"]
[Round "1"]
[White "Bellia, Fabrizio"]
[Black "Basso, Pier Luigi"]
[Result "1-0"]
[WhiteElo "2418"]
[BlackElo "2070"]
[PlyCount "73"]
[EventDate "2011.12.03"]
[SourceTitle "OM OTB B 201907"]
[Source "Opening Master"]
[SourceDate "2019.07.06"]
[SourceVersion "2"]
[SourceVersionDate "2019.07.06"]
[SourceQuality "1"]

1. e4 c5 2. Nf3 Nc6 3. d4 cxd4 4. Nxd4 Nf6 5. Nc3 d6 6. Be2 e5 7. Nf3 Be7 8.
O-O Be6 9. Ng5 Nd4 10. Nxe6 Nxe2+ 11. Qxe2 fxe6 12. f4 exf4 13. Bxf4 Qb6+ 14.
Kh1 Qxb2 15. e5 Qxc3 16. exd6 Qc8 17. dxe7 Kxe7 18. Be5 Qc6 19. Rf3 Rac8 20.
Rg3 Rhg8 21. Rf1 Nd7 22. Bxg7 Qxc2 23. Qh5 Qf5 24. Qh4+ Ke8 25. Kg1 Qc2 26.
Qh5+ Kd8 27. Qf7 Qc5+ 28. Kh1 Re8 29. Rd3 Qb5 30. Bf6+ Kc7 31. Rfd1 Red8 32.
Bxd8+ Rxd8 33. Qxe6 Qc6 34. Rd6 Qb5 35. h3 a5 36. R6d4 h5 37. Qd6+ 1-0

[Event "Milan Crespi op-A 32nd"]
[Site "Milan"]
[Date "2011.12.03"]
[Round "1"]
[White "Cacciola, Alfredo"]
[Black "Martinez, Rolly"]
[Result "0-1"]
[WhiteElo "2080"]
[BlackElo "2420"]
[PlyCount "98"]
[EventDate "2011.12.03"]
[EventType "swiss"]
[EventRounds "9"]
[EventCountry "ITA"]
[SourceTitle "OM OTB B 201907"]
[Source "Opening Master"]
[SourceDate "2019.07.06"]
[SourceVersion "2"]
[SourceVersionDate "2019.07.06"]
[SourceQuality "1"]

1. e4 c5 2. Nf3 d6 3. d4 cxd4 4. Nxd4 Nf6 5. Nc3 Nc6 6. Be2 e5 7. Nf3 h6 8. O-O
Be7 9. h3 Be6 10. Re1 O-O 11. Bf1 Rc8 12. Nd5 Bxd5 13. exd5 Nb8 14. c4 Nh7 15.
b4 Nd7 16. Qb3 Kh8 17. Bb2 Ng5 18. Rad1 b6 19. Bc1 f5 20. Nh2 Qe8 21. f4 Ne4
22. Nf3 Bf6 23. Bd3 Qg6 24. Bxe4 fxe4 25. Qc2 Rxc4 26. Qxc4 exf3 27. Qf1 e4 28.
Kh1 Bh4 29. gxf3 Bxe1 30. Rxe1 exf3 31. Qxf3 Qf5 32. Re7 Rc8 33. Be3 Nf6 34.
Bd4 Qb1+ 35. Kh2 Qg6 36. Bxf6 Qxf6 37. Re6 Qb2+ 38. Kg3 Qxb4 39. Qg4 Rf8 40.
Re7 Qc3+ 41. Kh2 a5 42. a4 Qd4 43. Kg3 Qg1+ 44. Kf3 Qa1 45. Kg3 Qd4 46. f5 Qc3+
47. Kh2 Qb2+ 48. Kg3 Rc8 49. Qe4 Qb3+ 0-1

[Event "Regina Helena Marques 8th"]
[Site "Santos"]
[Date "2011.12.02"]
[Round "9"]
[White "Blit, Jacques"]
[Black "Barreto Filho, Carlos Alberto"]
[Result "0-1"]
[WhiteElo "2310"]
[BlackElo "2307"]
[PlyCount "58"]
[EventDate "2011.11.26"]
[EventType "team-tourn"]
[EventRounds "9"]
[EventCountry "BRA"]
[EventCategory "2"]
[SourceTitle "OM OTB B 201907"]
[Source "Opening Master"]
[SourceDate "2019.07.06"]
[SourceVersion "2"]
[SourceVersionDate "2019.07.06"]
[SourceQuality "1"]

1. e4 c5 2. d4 cxd4 3. Nf3 Nc6 4. Nxd4 Nf6 5. Nc3 d6 6. Be2 e5 7. Nb3 Be7 8.
O-O O-O 9. f4 a5 10. a4 Nb4 11. Bf3 Be6 12. f5 Bc4 13. Be2 Bxe2 14. Qxe2 d5 15.
exd5 Nfxd5 16. Rd1 Qb6+ 17. Kh1 Nxc3 18. bxc3 Nc6 19. Qe4 Qc7 20. Be3 Rad8 21.
g4 Nb8 22. c4 Rc8 23. c5 Nd7 24. Nxa5 Nf6 25. Qxb7 Qxa5 26. Qxe7 Qa8+ 27. Kg1
Qf3 28. Re1 Nxg4 29. Qg5 Qh3 0-1

[Event "Valpovo op (Women) 14th"]
[Site "Valpovo"]
[Date "2011.12.02"]
[Round "1"]
[White "Blazeka, Ivana"]
[Black "Berke, Ana"]
[Result "0-1"]
[WhiteElo "1650"]
[BlackElo "2190"]
[PlyCount "68"]
[EventDate "2011.12.02"]
[EventType "swiss (rapid)"]
[EventRounds "7"]
[EventCountry "CRO"]
[SourceTitle "OM OTB B 201907"]
[Source "Opening Master"]
[SourceDate "2019.07.06"]
[SourceVersion "2"]
[SourceVersionDate "2019.07.06"]
[SourceQuality "1"]

1. e4 c5 2. Nf3 d6 3. d4 cxd4 4. Nxd4 Nf6 5. Nc3 Nc6 6. Be2 e5 7. Nb3 Be7 8.
Be3 O-O 9. O-O Be6 10. Qd2 a5 11. a4 Ng4 12. h3 Nxe3 13. Qxe3 Nb4 14. Rac1 Bg5
15. Qg3 Bf4 16. Qf3 Bxc1 17. Rxc1 Nxc2 18. Rxc2 Bxb3 19. Rd2 Rc8 20. Bb5 Qg5
21. Qd3 Rfd8 22. Ne2 h5 23. Ng3 Rc1+ 24. Kh2 Be6 25. Rd1 Rxd1 26. Qxd1 h4 27.
Ne2 d5 28. exd5 Bxd5 29. Qa1 Bc6 30. Bxc6 bxc6 31. Qe1 Qd2 32. Qxd2 Rxd2 33.
Nc1 e4 34. b3 Rc2 0-1

[Event "HUN-chT2 Szechenyi 1112"]
[Site "Hungary"]
[Date "2011.11.27"]
[Round "4.8"]
[White "Czupor, Attila"]
[Black "Csarmasz, Mate"]
[Result "1/2-1/2"]
[WhiteElo "1808"]
[BlackElo "2065"]
[PlyCount "38"]
[EventDate "2011.09.25"]
[EventType "team-tourn"]
[EventRounds "11"]
[EventCountry "HUN"]
[SourceTitle "OM OTB B 201907"]
[Source "Opening Master"]
[SourceDate "2019.07.06"]
[SourceVersion "2"]
[SourceVersionDate "2019.07.06"]
[SourceQuality "1"]

1. e4 c5 2. Nf3 Nc6 3. d4 cxd4 4. Nxd4 Nf6 5. Nc3 d6 6. Be2 e5 7. Nb3 h6 8. O-O
Be7 9. f4 O-O 10. f5 a5 11. Be3 a4 12. Nc1 Ra5 13. Bf3 d5 14. Nxd5 Nxd5 15.
exd5 Nb4 16. Nd3 Bxf5 17. Nxb4 Bxb4 18. c4 Qc8 19. Rc1 Bc5 1/2-1/2

[Event "SVK-chT 1112"]
[Site "Slovakia"]
[Date "2011.11.27"]
[Round "4.7"]
[White "Takacs, Laszlo"]
[Black "Krak, Tomas"]
[Result "1-0"]
[WhiteElo "1976"]
[BlackElo "2282"]
[PlyCount "71"]
[EventDate "2011.10.22"]
[EventType "team"]
[EventRounds "11"]
[EventCountry "SVK"]
[SourceTitle "OM OTB B 201907"]
[Source "Opening Master"]
[SourceDate "2019.07.06"]
[SourceVersion "2"]
[SourceVersionDate "2019.07.06"]
[SourceQuality "1"]

1. e4 c5 2. Nf3 Nc6 3. d4 cxd4 4. Nxd4 Nf6 5. Nc3 d6 6. Be2 e5 7. Nf3 Be7 8.
O-O O-O 9. Kh1 a5 10. Be3 a4 11. Nd2 Nd4 12. Nc4 b5 13. Bxd4 bxc4 14. Be3 Qc7
15. Bg5 Bb7 16. Bxf6 Bxf6 17. Nd5 Qc5 18. Nxf6+ gxf6 19. Bf3 Kh8 20. Qd2 Rg8
21. Rad1 Rad8 22. Rfe1 Rg6 23. Re3 Bc6 24. Rc3 Qb5 25. b3 cxb3 26. cxb3 Qb7 27.
Qe3 axb3 28. axb3 Qa6 29. h4 Qa8 30. h5 Rg5 31. Qb6 Be8 32. Kh2 Kg7 33. Rxd6
Rb8 34. Qc5 h6 35. Rb6 Rd8 36. Qe7 1-0

[Event "BL2 Sued 1112 (Women)"]
[Site "Germany"]
[Date "2011.11.27"]
[Round "4.2"]
[White "Fishkin, Natalie"]
[Black "Bluhm, Sonja Maria"]
[Result "1-0"]
[WhiteElo "2078"]
[BlackElo "1871"]
[PlyCount "97"]
[EventDate "2011.10.29"]
[EventType "team-tourn"]
[EventRounds "7"]
[EventCountry "GER"]
[SourceTitle "OM OTB B 201907"]
[Source "Opening Master"]
[SourceDate "2019.07.06"]
[SourceVersion "2"]
[SourceVersionDate "2019.07.06"]
[SourceQuality "1"]

1. e4 c5 2. Nf3 Nc6 3. d4 cxd4 4. Nxd4 Nf6 5. Nc3 d6 6. Be2 e5 7. Ndb5 a6 8.
Na3 b5 9. Nd5 Nxe4 10. Bf3 f5 11. Bxe4 fxe4 12. O-O Be7 13. Qh5+ g6 14. Qe2 Bf5
15. c3 O-O 16. g4 Be6 17. Qxe4 Rb8 18. h3 Qd7 19. Nxe7+ Nxe7 20. f4 Bd5 21. Qe2
Qe6 22. Bd2 Nc6 23. Rae1 Rbe8 24. b3 Qe7 25. Nxb5 Bf7 26. Na3 d5 27. Nc2 e4 28.
Qxa6 Qh4 29. Kg2 Ne7 30. Qe2 Ra8 31. a4 Rfb8 32. Nd4 Qf6 33. Be3 Nc6 34. Ra1
Nxd4 35. Bxd4 Qc6 36. Rfb1 Be8 37. Qe3 Qa6 38. Bc5 Rb7 39. Bb4 Rd8 40. Rd1 Bc6
41. Ra2 Rbd7 42. Qd4 Bb5 43. Rf2 Bd3 44. f5 gxf5 45. Rxf5 Qg6 46. Rd2 Qg7 47.
Qe3 h6 48. Rdf2 Rb8 49. Bf8 1-0

[Event "3rd Liga A2"]
[Site "?"]
[Date "2011.11.27"]
[Round "?"]
[White "Pagac, Robert"]
[Black "Sulek, Viliam"]
[Result "1/2-1/2"]
[WhiteElo "1834"]
[BlackElo "2135"]
[PlyCount "31"]
[EventDate "2011.??.??"]
[SourceTitle "OM OTB B 201907"]
[Source "Opening Master"]
[SourceDate "2019.07.06"]
[SourceVersion "2"]
[SourceVersionDate "2019.07.06"]
[SourceQuality "1"]

1. e4 c5 2. Nf3 Nc6 3. d4 cxd4 4. Nxd4 Nf6 5. Nc3 d6 6. Be2 e5 7. Nb3 Be7 8.
Be3 O-O 9. O-O a5 10. Nd5 Nxd5 11. exd5 Nb8 12. f4 a4 13. Nd2 Nd7 14. fxe5 Nxe5
15. Nc4 Nxc4 16. Bxc4 1/2-1/2